Movies Quiz

Random Movies or Disney Quiz

Disney Animated Triples Quiz Stats

 Plays Quiz Updated Jun 2, 2012

Challenge
Share
Tweet
Embed
Score 0/60 Timer 04:00
0 Plays Today
Group Disney Term % Correct
1-2-3Esmeralda
82.2%
4-5-6Esmeralda
82.2%
7-8-9Esmeralda
82.2%
1-2-3Snow White
77.6%
4-5-6Snow White
77.6%
7-8-9Snow White
77.6%
1-2-3John Smith
76.7%
4-5-6John Smith
76.7%
7-8-9John Smith
76.7%
1-2-3Prince Ali
70.6%
4-5-6Prince Ali
70.6%
7-8-9Prince Ali
70.6%
1-2-3Mad Hatter
67.4%
4-5-6Mad Hatter
67.4%
7-8-9Mad Hatter
67.4%
1-2-3Cogsworth
67.3%
4-5-6Cogsworth
67.3%
7-8-9Cogsworth
67.3%
1-2-3Neverland
66.2%
4-5-6Neverland
66.2%
7-8-9Neverland
66.2%
1-2-3Pinocchio
65.4%
7-8-9Pinocchio
65.4%
4-5-6Pinocchio
65.4%
1-2-3Quasimodo
63.4%
4-5-6Quasimodo
63.4%
7-8-9Quasimodo
63.4%
7-8-9Sebastian
61.3%
1-2-3Sebastian
61.2%
4-5-6Sebastian
61.2%
Group Disney Term % Correct
1-2-3Robin Hood
59.8%
4-5-6Robin Hood
59.8%
7-8-9Robin Hood
59.8%
1-2-3Pixie Dust
54.5%
4-5-6Pixie Dust
54.5%
7-8-9Pixie Dust
54.5%
1-2-3Roquefort
47.5%
7-8-9Roquefort
47.5%
4-5-6Roquefort
47.5%
1-2-3King Louie
46.9%
4-5-6King Louie
46.8%
7-8-9King Louie
46.8%
1-2-3You Can Fly
43.8%
4-5-6You Can Fly
43.8%
7-8-9You Can Fly
43.8%
7-8-9Stromboli
39%
1-2-3Stromboli
39%
4-5-6Stromboli
39%
4-5-6Shere Khan
30.9%
1-2-3Shere Khan
30.9%
7-8-9Shere Khan
30.9%
7-8-9Pride Rock
25.2%
1-2-3Pride Rock
25.2%
4-5-6Pride Rock
25.2%
7-8-9Two Worlds
24.6%
1-2-3Two Worlds
24.6%
4-5-6Two Worlds
24.6%
4-5-6Ratcliffe
24.1%
1-2-3Ratcliffe
24.1%
7-8-9Ratcliffe
24.1%

You're not logged in!

Compare scores with friends on all Sporcle quizzes.
Join for Free
OR
Log In

You Might Also Like...

Show Comments

Extras

Top Quizzes Today


Score Distribution

Your Account Isn't Verified!

In order to create a playlist on Sporcle, you need to verify the email address you used during registration. Go to your Sporcle Settings to finish the process.

Report this User

Report this user for behavior that violates our Community Guidelines.

Details: